| 000 | 00803nam a22002297a 4500 | ||
|---|---|---|---|
| 999 |
_c12618 _d12618 |
||
| 003 | AR-CdUCM | ||
| 008 | 190409b ||||| |||| 00| 0 spa d | ||
| 040 |
_aMUNICIPALIDAD PROVINCIAL DEL CUSCO _cBIBLIOTECA MUNICIPAL DEL CUSCO |
||
| 082 |
_a869.44 / _bG68 / 1922 |
||
| 100 |
_aGomez Cornejo, Carlos _930549 |
||
| 245 | _aCantos de amor de dolor y de lucha / | ||
| 260 |
_aLa Paz : _bVelarde, _c1922. |
||
| 300 |
_a112 páginas : _c18 cm. |
||
| 500 | _aFaltan paginas 75-76. | ||
| 505 | _aContenido : Motivos rebeldes -- Vida nueva -- seamos los heraldos -- Díptico socialista -- Elogio del artesano ... | ||
| 650 |
_aCantos _91085 |
||
| 650 |
_aPoesía _9444 |
||
| 650 |
_aBoliviana _925281 |
||
| 700 |
_aArguedas, Alcides ( Prologo) _930550 |
||
| 942 |
_2ddc _cLIBROS |
||
| 945 |
_arah _d09/04/2019 |
||